[Event "GBR-ch 108th"]
[Site "Torquay"]
[Date "2022.08.13"]
[Round "1.1"]
[White "Pert, Nicholas"]
[Black "Stoyanov, Viktor"]
[Result "1-0"]
[WhiteElo "2537"]
[BlackElo "2246"]
[PlyCount "101"]
[EventDate "2022.08.13"]
[EventType "swiss"]
[EventRounds "9"]
[EventCountry "GBR"]
[SourceTitle "BritBase"]
[Source "John Saunders"]
[SourceDate "2022.08.22"]
[SourceVersion "1"]
[SourceVersionDate "2022.08.22"]
[SourceQuality "2"]

1. d4 Nf6 2. Nf3 e6 3. c4 b6 4. a3 Bb7 5. Nc3 d5 6. cxd5 Nxd5 7. e3 g6 8. Bb5+
c6 9. Bd3 Bg7 10. O-O O-O 11. Ne4 Qe7 12. Ng3 Nd7 13. e4 Nc7 14. Bg5 f6 15. Be3
e5 16. Re1 exd4 17. Nxd4 Ne5 18. Bf1 c5 19. Nb5 Nxb5 20. Bxb5 Rfd8 21. Qb3+ Kh8
22. Rad1 h5 23. h4 Kh7 24. Be2 Rxd1 25. Rxd1 Rd8 26. Rxd8 Qxd8 27. f4 c4 28.
Qc3 Ng4 29. Bxg4 f5 30. Qxc4 fxg4 31. f5 gxf5 32. Nxf5 g3 33. Nxg3 Qxh4 34. Qc7
Qg4 35. Qxb7 Qxg3 36. Bf2 Qe5 37. Qxa7 Qxb2 38. Qf7 Qb1+ 39. Kh2 Qxe4 40. Qxh5+
Kg8 41. Bxb6 Be5+ 42. g3 Qc2+ 43. Kg1 Qc1+ 44. Kg2 Qc6+ 45. Qf3 Qxf3+ 46. Kxf3
Bxg3 47. Kxg3 Kf7 48. a4 Ke6 49. a5 Kd6 50. a6 Kc6 51. Ba5 1-0

[Event "GBR-ch 108th"]
[Site "Torquay"]
[Date "2022.08.13"]
[Round "1.2"]
[White "Bradbury, Neil H"]
[Black "Hebden, Mark L"]
[Result "1/2-1/2"]
[WhiteElo "2211"]
[BlackElo "2476"]
[PlyCount "91"]
[EventDate "2022.08.13"]
[EventType "swiss"]
[EventRounds "9"]
[EventCountry "GBR"]
[SourceTitle "BritBase"]
[Source "John Saunders"]
[SourceDate "2022.08.22"]
[SourceVersion "1"]
[SourceVersionDate "2022.08.22"]
[SourceQuality "2"]

1. d4 Nf6 2. Nf3 g6 3. c4 Bg7 4. Nc3 O-O 5. e4 d6 6. Be2 e5 7. O-O Na6 8. Be3
c6 9. d5 Ng4 10. Bg5 f6 11. Bd2 f5 12. h3 Nf6 13. Bg5 h6 14. Bxf6 Qxf6 15. a3
c5 16. Rb1 Bd7 17. b4 b6 18. Bd3 h5 19. Bc2 Bh6 20. Ba4 Qe7 21. Bxd7 Qxd7 22.
exf5 gxf5 23. Nh4 Qf7 24. Nb5 Rad8 25. Rb3 Kh8 26. Rg3 Rg8 27. Qf3 f4 28. Rxg8+
Kxg8 29. Qe4 cxb4 30. axb4 Nxb4 31. Nf5 Bf8 32. g4 Na6 33. Ra1 Nc5 34. Qg2 a6
35. Nc3 hxg4 36. Qxg4+ Kh7 37. Kh2 Qf6 38. Rg1 Bh6 39. Qh5 Rf8 40. Ne7 f3 41.
Kh1 e4 42. Rg6 Qf4 43. Rg4 Qf7 44. Rg6 Qf4 45. Rg4 Qf7 46. Rg6 1/2-1/2

[Event "GBR-ch 108th"]
[Site "Torquay"]
[Date "2022.08.13"]
[Round "1.3"]
[White "Emms, John M"]
[Black "Jones, Steven A"]
[Result "1-0"]
[WhiteElo "2474"]
[BlackElo "2210"]
[PlyCount "101"]
[EventDate "2022.08.13"]
[EventType "swiss"]
[EventRounds "9"]
[EventCountry "GBR"]
[SourceTitle "BritBase"]
[Source "John Saunders"]
[SourceDate "2022.08.22"]
[SourceVersion "1"]
[SourceVersionDate "2022.08.22"]
[SourceQuality "2"]

1. e4 e5 2. Nf3 Nc6 3. Bc4 Bc5 4. c3 Nf6 5. d3 O-O 6. Nbd2 d6 7. O-O a6 8. Bb3
Ba7 9. h3 h6 10. Re1 Re8 11. Nf1 Be6 12. Be3 d5 13. exd5 Bxd5 14. Bxa7 Rxa7 15.
Bc2 Ra8 16. Ng3 Qd7 17. Re3 Re7 18. a3 g6 19. Qd2 Kg7 20. Rae1 Rae8 21. b4 Qd6
22. Ne4 Bxe4 23. dxe4 Qe6 24. Rd3 Nh5 25. Qd1 Nf4 26. Rd2 Qf6 27. Kh2 Ne6 28.
g3 Rd8 29. Rxd8 Ncxd8 30. Kg2 Nc6 31. h4 Nf8 32. Bb3 Rd7 33. Qe2 Qd6 34. Rd1
Qe7 35. Rd5 Rd6 36. Qc4 Nd7 37. Rxd6 cxd6 38. Nd2 Nf6 39. Qd3 Nb8 40. Nc4 Ne8
41. Qd5 Qc7 42. a4 Nc6 43. a5 h5 44. Ba4 Kf8 45. Qd3 Kg7 46. Nb6 Nf6 47. Qc4
Ne8 48. Nd5 Qd7 49. b5 Nxa5 50. bxa6 Qd8 51. Qb5 1-0

[Event "GBR-ch 108th"]
[Site "Torquay"]
[Date "2022.08.13"]
[Round "1.4"]
[White "Taylor, Adam A"]
[Black "Clarke, Brandon G I"]
[Result "1/2-1/2"]
[WhiteElo "2204"]
[BlackElo "2474"]
[PlyCount "61"]
[EventDate "2022.08.13"]
[EventType "swiss"]
[EventRounds "9"]
[EventCountry "GBR"]
[SourceTitle "BritBase"]
[Source "John Saunders"]
[SourceDate "2022.08.22"]
[SourceVersion "1"]
[SourceVersionDate "2022.08.22"]
[SourceQuality "2"]

1. Nf3 d5 2. c4 d4 3. b4 c5 4. bxc5 Nf6 5. g3 Nc6 6. Bg2 e5 7. d3 Bxc5 8. O-O
O-O 9. Ba3 Nd7 10. Nfd2 Bxa3 11. Nxa3 Qe7 12. Nb5 Nc5 13. Nb3 Ne6 14. Qc1 a6
15. Na3 Rd8 16. c5 a5 17. Nb5 a4 18. Nd2 Qxc5 19. Qxc5 Nxc5 20. Rfc1 Ne6 21.
Rab1 Na5 22. Rb4 Nc6 23. Rbb1 Kf8 24. Nc4 Ke7 25. Nb6 Ra6 26. Na3 Ra7 27. Nb5
Ra5 28. Na3 Ra7 29. Nb5 Ra6 30. Na3 Ra7 31. Nb5 1/2-1/2

[Event "GBR-ch 108th"]
[Site "Torquay"]
[Date "2022.08.13"]
[Round "1.5"]
[White "Gormally, Daniel W"]
[Black "Balaji, Aaravamudhan"]
[Result "1-0"]
[WhiteElo "2466"]
[BlackElo "2194"]
[PlyCount "77"]
[EventDate "2022.08.13"]
[EventType "swiss"]
[EventRounds "9"]
[EventCountry "GBR"]
[SourceTitle "BritBase"]
[Source "John Saunders"]
[SourceDate "2022.08.22"]
[SourceVersion "1"]
[SourceVersionDate "2022.08.22"]
[SourceQuality "2"]

1. d4 Nf6 2. Nf3 g6 3. Bg5 d5 4. Nbd2 Bg7 5. e3 O-O 6. Bd3 c5 7. c3 Qb6 8. Rb1
Nc6 9. O-O Nd7 10. Bc2 e5 11. Bb3 exd4 12. Bxd5 Nde5 13. Nxe5 Nxe5 14. exd4
cxd4 15. cxd4 Qxd4 16. Ne4 Nd3 17. Qb3 Be6 18. Bxe6 Qxe4 19. Bd5 Qf5 20. Be3
Rfd8 21. Bxb7 Rab8 22. Bxa7 Nc5 23. Qf3 Nxb7 24. Qxf5 gxf5 25. Bxb8 Rxb8 26.
Rfd1 Nc5 27. Rd5 Ne4 28. Rxf5 Bxb2 29. g3 Kg7 30. Re1 Kg6 31. Rf4 Nc3 32. a4
Rb3 33. Re8 f5 34. Kg2 Bc1 35. Rc4 Bd2 36. Rc6+ Kf7 37. Rd8 Rb2 38. Rd7+ Ke8
39. Rxh7 1-0

[Event "GBR-ch 108th"]
[Site "Torquay"]
[Date "2022.08.13"]
[Round "1.6"]
[White "Villiers, Thomas"]
[Black "Kirk, Ezra"]
[Result "0-1"]
[WhiteElo "2170"]
[BlackElo "2442"]
[PlyCount "116"]
[EventDate "2022.08.13"]
[EventType "swiss"]
[EventRounds "9"]
[EventCountry "GBR"]
[SourceTitle "BritBase"]
[Source "John Saunders"]
[SourceDate "2022.08.22"]
[SourceVersion "1"]
[SourceVersionDate "2022.08.22"]
[SourceQuality "2"]

1. e4 e6 2. d4 d5 3. Nd2 Be7 4. e5 c5 5. c3 Nc6 6. Bd3 h5 7. Ne2 Nh6 8. Nf3 Bd7
9. Be3 cxd4 10. cxd4 Nf5 11. Nc3 g6 12. Qd2 Rc8 13. O-O Na5 14. Rac1 Nc4 15.
Qe2 Qa5 16. Nd2 Ncxe3 17. fxe3 Bg5 18. Rf3 Qb4 19. Nb3 b6 20. Rcf1 a5 21. e4
Nxd4 22. Nxd4 Qxd4+ 23. Kh1 O-O 24. h4 Bh6 25. Qf2 Qxf2 26. R3xf2 d4 27. Nb5
Bxb5 28. Bxb5 Bg7 29. b3 Bxe5 30. Rf3 Rc3 31. Bd3 Kg7 32. g3 f5 33. Kg2 Kf6 34.
Rb1 Rfc8 35. exf5 gxf5 36. Rb2 Rc1 37. Rbf2 R8c3 38. Rd2 Re1 39. Be2 Rcc1 40.
Bf1 Bxg3 41. Rxd4 f4 42. Rc4 Rxc4 43. bxc4 Rc1 44. Be2 Rc2 45. Kf1 a4 46. Ra3
e5 47. c5 bxc5 48. Rxa4 f3 49. Ra6+ Ke7 50. Bxf3 Rf2+ 51. Kg1 Rxf3 52. Kg2 Rc3
53. Rh6 Bf4 54. Rxh5 Rc2+ 55. Kf3 Rxa2 56. Ke4 Ke6 57. Kd3 Kd5 58. Rxe5+ Bxe5
0-1

[Event "GBR-ch 108th"]
[Site "Torquay"]
[Date "2022.08.13"]
[Round "1.7"]
[White "Davies, Nigel R"]
[Black "Storey, Charles H"]
[Result "1/2-1/2"]
[WhiteElo "2425"]
[BlackElo "2167"]
[PlyCount "41"]
[EventDate "2022.08.13"]
[EventType "swiss"]
[EventRounds "9"]
[EventCountry "GBR"]
[SourceTitle "BritBase"]
[Source "John Saunders"]
[SourceDate "2022.08.22"]
[SourceVersion "1"]
[SourceVersionDate "2022.08.22"]
[SourceQuality "2"]

1. d4 d5 2. Nf3 c6 3. Bf4 Qb6 4. b3 Bf5 5. e3 Nf6 6. Be2 h6 7. h3 e6 8. O-O Ne4
9. Nfd2 Nd7 10. Nxe4 Bxe4 11. c4 Be7 12. Nd2 Bh7 13. c5 Qd8 14. b4 O-O 15. Nb3
Nf6 16. a4 Ne4 17. Bd3 Bf5 18. Qc2 Qd7 19. b5 Bd8 20. Rfe1 Bc7 21. Bxc7 1/2-1/2

[Event "GBR-ch 108th"]
[Site "Torquay"]
[Date "2022.08.13"]
[Round "1.8"]
[White "Brewer, Callum D"]
[Black "Wadsworth, Matthew J"]
[Result "1/2-1/2"]
[WhiteElo "2159"]
[BlackElo "2418"]
[PlyCount "86"]
[EventDate "2022.08.13"]
[EventType "swiss"]
[EventRounds "9"]
[EventCountry "GBR"]
[SourceTitle "BritBase"]
[Source "John Saunders"]
[SourceDate "2022.08.22"]
[SourceVersion "1"]
[SourceVersionDate "2022.08.22"]
[SourceQuality "2"]

1. e4 e6 2. d4 d5 3. e5 c5 4. c3 Qb6 5. Nf3 Nc6 6. Be2 Nh6 7. Bxh6 gxh6 8. Qd2
Bd7 9. O-O cxd4 10. cxd4 Bg7 11. Na3 O-O 12. Nc2 f6 13. exf6 Rxf6 14. b4 Be8
15. b5 Ne7 16. a4 h5 17. a5 Qd8 18. Nb4 Bh6 19. Qb2 Ng6 20. Rfe1 Nf4 21. a6
Nxe2+ 22. Qxe2 Qb6 23. axb7 Qxb7 24. Nc6 a6 25. Nfe5 axb5 26. Rxa8 Qxa8 27.
Qxb5 Bf8 28. Qb6 Qa2 29. Nf3 Qa8 30. Nce5 Qc8 31. h3 h6 32. Kh2 Bg7 33. Ra1 Bg6
34. Ra7 Qc2 35. Qb7 Bf8 36. Ra8 Qf5 37. Qb2 h4 38. Qd2 Bh5 39. Qe3 Bxf3 40.
Nxf3 Kg7 41. Ra7+ Kg8 42. Ra8 Kg7 43. Ra7+ Kg8 1/2-1/2

[Event "GBR-ch 108th"]
[Site "Torquay"]
[Date "2022.08.13"]
[Round "1.9"]
[White "Pert, Richard G"]
[Black "Payne, Matthew J"]
[Result "1/2-1/2"]
[WhiteElo "2411"]
[BlackElo "2155"]
[PlyCount "91"]
[EventDate "2022.08.13"]
[EventType "swiss"]
[EventRounds "9"]
[EventCountry "GBR"]
[SourceTitle "BritBase"]
[Source "John Saunders"]
[SourceDate "2022.08.22"]
[SourceVersion "1"]
[SourceVersionDate "2022.08.22"]
[SourceQuality "2"]

1. e4 e6 2. d4 d5 3. Nd2 c5 4. Ngf3 cxd4 5. exd5 Qxd5 6. Bc4 Qd8 7. O-O Nf6 8.
Nb3 Nc6 9. Qe2 Bd6 10. Rd1 Qc7 11. Nbxd4 Nxd4 12. Rxd4 O-O 13. Bg5 e5 14. Rh4
Bf5 15. Bxf6 gxf6 16. Bd3 Bg6 17. Rg4 Kh8 18. Nh4 Qc6 19. Be4 Bxe4 20. Rxe4 Rg8
21. Qf3 Be7 22. Nf5 Qe6 23. Rd1 Rad8 24. Rxd8 Bxd8 25. b3 Bb6 26. h3 Qd7 27.
Kh2 Rg5 28. Ng3 Qc6 29. Qe2 Bd4 30. h4 Rg8 31. Qf3 Rg6 32. Nf5 Bxf2 33. c3 Bb6
34. Ne7 Qe6 35. Nxg6+ fxg6 36. Rc4 Qe7 37. h5 f5 38. Qh3 Kg7 39. hxg6 hxg6 40.
Rh4 Qc5 41. Rh7+ Kf6 42. Qh4+ Ke6 43. Kh3 Qxc3+ 44. g3 Qc1 45. Qe7+ Kd5 46.
Qxb7+ 1/2-1/2

[Event "GBR-ch 108th"]
[Site "Torquay"]
[Date "2022.08.13"]
[Round "1.10"]
[White "Birtwistle, Nigel"]
[Black "Arkell, Keith C"]
[Result "0-1"]
[WhiteElo "2151"]
[BlackElo "2409"]
[PlyCount "96"]
[EventDate "2022.08.13"]
[EventType "swiss"]
[EventRounds "9"]
[EventCountry "GBR"]
[SourceTitle "BritBase"]
[Source "John Saunders"]
[SourceDate "2022.08.22"]
[SourceVersion "1"]
[SourceVersionDate "2022.08.22"]
[SourceQuality "2"]

1. e4 c6 2. Nc3 d5 3. Nf3 Bg4 4. h3 Bxf3 5. Qxf3 Nf6 6. d3 e6 7. Bd2 Bb4 8. e5
Nfd7 9. Qg4 Bf8 10. f4 h5 11. Qf3 c5 12. g3 Nc6 13. Bg2 Nd4 14. Qd1 g5 15. Ne2
gxf4 16. Bxf4 Bg7 17. c3 Nf5 18. d4 Qb6 19. Qd2 Rc8 20. dxc5 Qxc5 21. Nd4 Ne7
22. Qe2 Ng6 23. h4 Bxe5 24. Bxe5 Ngxe5 25. O-O-O Qc4 26. Qxc4 Nxc4 27. Rhe1
Nce5 28. Nf3 Nxf3 29. Bxf3 Kf8 30. Rd4 Nf6 31. Re5 Ke7 32. Kd2 Rcg8 33. Rg5
Rxg5 34. hxg5 Nh7 35. c4 Nxg5 36. Bg2 Ne4+ 37. Bxe4 dxe4 38. Rxe4 Rg8 39. Re5
Rxg3 40. Rxh5 Kd6 41. Rh7 Rf3 42. Ke2 Rf4 43. Kd3 a5 44. Rh8 Rf2 45. Kc3 f5 46.
a3 Rf3+ 47. Kc2 f4 48. b4 Rxa3 0-1

[Event "GBR-ch 108th"]
[Site "Torquay"]
[Date "2022.08.13"]
[Round "1.11"]
[White "Milchev, Nikolay"]
[Black "Modi, Shyam Jagdish"]
[Result "1-0"]
[WhiteElo "2408"]
[BlackElo "2148"]
[PlyCount "107"]
[EventDate "2022.08.13"]
[EventType "swiss"]
[EventRounds "9"]
[EventCountry "GBR"]
[SourceTitle "BritBase"]
[Source "John Saunders"]
[SourceDate "2022.08.22"]
[SourceVersion "1"]
[SourceVersionDate "2022.08.22"]
[SourceQuality "2"]

1. d4 Nf6 2. c4 g6 3. Nc3 Bg7 4. e4 d6 5. h3 O-O 6. Nf3 e5 7. d5 a5 8. g4 Na6
9. Be3 Nc5 10. Nd2 Nfd7 11. h4 f5 12. gxf5 gxf5 13. exf5 Qf6 14. Nde4 Qxf5 15.
Bh3 Qf7 16. Ng5 Qe7 17. Qc2 Nf6 18. O-O-O e4 19. Bxc5 dxc5 20. Be6+ Kh8 21.
Ncxe4 Nxe4 22. Qxe4 Bf6 23. f4 Bd7 24. Rd2 Rae8 25. Re2 b5 26. Bxd7 Qxd7 27.
Ne6 Rg8 28. f5 a4 29. Qf4 a3 30. b3 c6 31. Rd1 bxc4 32. Qxc4 cxd5 33. Rxd5 Qf7
34. Nf4 Rg1+ 35. Kd2 Ra1 36. b4 cxb4 37. Re6 Bc3+ 38. Kc2 Rg8 39. Rc6 Qa7 40.
Rd2 Bxd2 41. Kxd2 Qf2+ 42. Ne2 Qe1+ 43. Ke3 Rg3+ 44. Kf4 Qf2+ 45. Ke5 Re3+ 46.
Kf6 Re8 47. Kf7 Rg8 48. f6 Qa7+ 49. Rc7 Qb8 50. Ke6 Qb6+ 51. Kf5 Qf2+ 52. Nf4
Qxh4 53. Qxg8+ Kxg8 54. f7+ 1-0

[Event "GBR-ch 108th"]
[Site "Torquay"]
[Date "2022.08.13"]
[Round "1.12"]
[White "Okhai, Shabir"]
[Black "Jackson, James P"]
[Result "0-1"]
[WhiteElo "2137"]
[BlackElo "2406"]
[PlyCount "70"]
[EventDate "2022.08.13"]
[EventType "swiss"]
[EventRounds "9"]
[EventCountry "GBR"]
[SourceTitle "BritBase"]
[Source "John Saunders"]
[SourceDate "2022.08.22"]
[SourceVersion "1"]
[SourceVersionDate "2022.08.22"]
[SourceQuality "2"]

1. e4 e5 2. Nf3 Nc6 3. Bc4 Nf6 4. d3 h6 5. O-O d6 6. c3 g5 7. a4 Bg7 8. Nbd2
O-O 9. h3 d5 10. exd5 Nxd5 11. a5 Be6 12. Ne4 b6 13. axb6 axb6 14. Rxa8 Qxa8
15. h4 g4 16. Nh2 f5 17. Ng3 Qd8 18. Bxd5 Bxd5 19. Nxg4 fxg4 20. Qxg4 Qc8 21.
Qh5 Qe8 22. Qg4 Qe6 23. Qe2 Qg6 24. Be3 Be6 25. Ra1 Ne7 26. d4 exd4 27. Bxd4
Bxd4 28. cxd4 Nd5 29. Ra3 Nf4 30. Qe5 Qg7 31. Qxg7+ Kxg7 32. Rf3 Nh3+ 33. Kf1
Rxf3 34. gxf3 Nf4 35. Ke1 Ng2+ 0-1

[Event "GBR-ch 108th"]
[Site "Torquay"]
[Date "2022.08.13"]
[Round "1.13"]
[White "Ward, Christopher"]
[Black "Walker, Martin G"]
[Result "1-0"]
[WhiteElo "2402"]
[BlackElo "2135"]
[PlyCount "53"]
[EventDate "2022.08.13"]
[EventType "swiss"]
[EventRounds "9"]
[EventCountry "GBR"]
[SourceTitle "BritBase"]
[Source "John Saunders"]
[SourceDate "2022.08.22"]
[SourceVersion "1"]
[SourceVersionDate "2022.08.22"]
[SourceQuality "2"]

1. d4 Nf6 2. c4 g6 3. h4 Bg7 4. Nc3 d5 5. h5 Nxh5 6. cxd5 c6 7. e4 cxd5 8. e5
Bf8 9. Qf3 Nc6 10. Bb5 Be6 11. Nge2 Qd7 12. Na4 Bg4 13. Qe3 Bxe2 14. Qxe2 e6
15. g4 Ng7 16. Bh6 Rg8 17. Rc1 Be7 18. Rh3 Rc8 19. Kf1 Qc7 20. Bxc6+ bxc6 21.
Qa6 c5 22. Nxc5 Qc6 23. Qxc6+ Rxc6 24. Rb3 f6 25. exf6 Bxf6 26. Rb8+ Bd8 27.
Bg5 1-0

[Event "GBR-ch 108th"]
[Site "Torquay"]
[Date "2022.08.13"]
[Round "1.14"]
[White "Price, Gwilym"]
[Black "Wells, Peter K"]
[Result "1-0"]
[WhiteElo "2129"]
[BlackElo "2396"]
[PlyCount "79"]
[EventDate "2022.08.13"]
[EventType "swiss"]
[EventRounds "9"]
[EventCountry "GBR"]
[SourceTitle "BritBase"]
[Source "John Saunders"]
[SourceDate "2022.08.22"]
[SourceVersion "1"]
[SourceVersionDate "2022.08.22"]
[SourceQuality "2"]

1. e4 e5 2. Nc3 Nf6 3. Bc4 Nxe4 4. Qh5 Nd6 5. Bb3 Be7 6. Qxe5 O-O 7. Nf3 Bf6 8.
Qf4 Re8+ 9. Kf1 Qe7 10. d4 Nb5 11. Bd2 Nxc3 12. Bxc3 d6 13. h4 Qe2+ 14. Kg1 Re4
15. Bxf7+ Kf8 16. Bc4 Qxc2 17. Qc1 Qxc1+ 18. Rxc1 Re7 19. Ng5 g6 20. f3 Nc6 21.
Rd1 h6 22. Nh3 Bxh3 23. Rxh3 Kg7 24. Kf2 Rae8 25. g4 a6 26. a4 Nd8 27. Rdh1 c5
28. g5 Bxd4+ 29. Bxd4+ cxd4 30. h5 hxg5 31. hxg6 Nc6 32. Rh7+ Kf6 33. g7 d5 34.
Bxd5 Re2+ 35. Kg3 Ne7 36. R1h6+ Kf5 37. Bc4 Ng8 38. Bxe2 Rxe2 39. Rh8 Nxh6 40.
Rxh6 1-0

[Event "GBR-ch 108th"]
[Site "Torquay"]
[Date "2022.08.13"]
[Round "1.15"]
[White "Willow, Jonah B"]
[Black "Eames, Robert S"]
[Result "0-1"]
[WhiteElo "2393"]
[BlackElo "2112"]
[PlyCount "86"]
[EventDate "2022.08.13"]
[EventType "swiss"]
[EventRounds "9"]
[EventCountry "GBR"]
[SourceTitle "BritBase"]
[Source "John Saunders"]
[SourceDate "2022.08.22"]
[SourceVersion "1"]
[SourceVersionDate "2022.08.22"]
[SourceQuality "2"]

1. Nf3 f5 2. d3 Nc6 3. e4 e5 4. d4 fxe4 5. Nxe5 Nf6 6. Bc4 d5 7. Bb5 Bd7 8. c4
Bb4+ 9. Nc3 O-O 10. O-O a6 11. Bxc6 Bxc6 12. Bg5 Bxc3 13. bxc3 dxc4 14. Nxc6
bxc6 15. Qe2 Qd5 16. Bf4 Rf7 17. Rab1 a5 18. Rfe1 Re8 19. Rb7 Qf5 20. Bg3 Nd5
21. Qxc4 Re6 22. Rb8+ Rf8 23. Rxf8+ Qxf8 24. Qb3 h5 25. Be5 Qf5 26. Qb8+ Kh7
27. c4 Nb4 28. Qxc7 Rg6 29. Bg3 Nd3 30. Re3 h4 31. Bxh4 Qg4 32. g3 Qxh4 33.
Qxa5 Nxf2 34. Kxf2 Qxh2+ 35. Ke1 Rf6 36. Qg5 Qf2+ 37. Kd1 Qf1+ 38. Kd2 Rf2+ 39.
Kc3 Qc1+ 40. Kb4 Qd2+ 41. Ka4 Qxa2+ 42. Ra3 Qxc4+ 43. Ka5 Rf8 0-1

[Event "GBR-ch 108th"]
[Site "Torquay"]
[Date "2022.08.13"]
[Round "1.16"]
[White "Onslow, Alfie"]
[Black "Grieve, Harry"]
[Result "0-1"]
[WhiteElo "2111"]
[BlackElo "2390"]
[PlyCount "145"]
[EventDate "2022.08.13"]
[EventType "swiss"]
[EventRounds "9"]
[EventCountry "GBR"]
[SourceTitle "BritBase"]
[Source "John Saunders"]
[SourceDate "2022.08.22"]
[SourceVersion "1"]
[SourceVersionDate "2022.08.22"]
[SourceQuality "2"]

1. e4 c5 2. Nf3 e6 3. d4 cxd4 4. Nxd4 Nc6 5. Nc3 Qc7 6. Be3 a6 7. Qf3 Nf6 8.
O-O-O Ne5 9. Qg3 b5 10. a3 Bb7 11. Bxb5 Rc8 12. Ba4 Nxe4 13. Nxe4 Bxe4 14. Bf4
Qa5 15. Bxe5 Qxa4 16. Rd2 h5 17. h4 Rh6 18. Re1 Rg6 19. Qe3 Bxg2 20. Kb1 Bb7
21. f3 f6 22. Bh2 Qc4 23. b3 Qc5 24. Qe2 Qb6 25. f4 Rg4 26. Qd3 Kf7 27. Qh7 Rg2
28. Qxh5+ Kg8 29. Rxg2 Bxg2 30. Bg1 Qc7 31. Qd1 Bxa3 32. Re3 Qxf4 33. h5 Bc5
34. Rc3 Rc7 35. Nxe6 dxe6 36. Qd8+ Kh7 37. Bxc5 Rc6 38. Qe8 Qf5 39. Kb2 Rxc5
40. Qg6+ Kg8 41. Qe8+ Kh7 42. Qg6+ Qxg6 43. hxg6+ Kxg6 44. Rxc5 e5 45. Rc7 f5
46. Kc1 f4 47. Kd2 Kf6 48. c4 g5 49. c5 g4 50. c6 Ke6 51. Rg7 Bxc6 52. Rxg4 Bb5
53. Rh4 Kd5 54. Rg4 Ke4 55. Rg5 Kd4 56. Rg4 Ke4 57. Rg5 Be8 58. Ke2 Bf7 59. b4
Kd4 60. Rf5 Bd5 61. Kf2 Bc4 62. Rf8 Bb5 63. Rf5 Bd3 64. Rf6 Kc3 65. Kf3 Kxb4
66. Re6 e4+ 67. Kxf4 a5 68. Ke3 a4 69. Kd4 a3 70. Re8 a2 71. Rb8+ Ka5 72. Ra8+
Kb4 73. Rb8+ 0-1

[Event "GBR-ch 108th"]
[Site "Torquay"]
[Date "2022.08.13"]
[Round "1.17"]
[White "Derakhshani, Borna"]
[Black "Lentzos, Ioanis"]
[Result "1-0"]
[WhiteElo "2374"]
[BlackElo "2097"]
[PlyCount "99"]
[EventDate "2022.08.13"]
[EventType "swiss"]
[EventRounds "9"]
[EventCountry "GBR"]
[SourceTitle "BritBase"]
[Source "John Saunders"]
[SourceDate "2022.08.22"]
[SourceVersion "1"]
[SourceVersionDate "2022.08.22"]
[SourceQuality "2"]

1. Nf3 d5 2. b3 Bf5 3. Bb2 e6 4. c4 c6 5. g3 h6 6. Bg2 Nf6 7. O-O Be7 8. d3 O-O
9. Nbd2 Nbd7 10. Qc2 Bh7 11. Rac1 Re8 12. Qb1 a5 13. a3 c5 14. e4 d4 15. Rce1
e5 16. a4 g5 17. Qd1 Kh8 18. Bc1 Rg8 19. Nb1 Qf8 20. Na3 Ne8 21. Nb5 Ra6 22. h3
Rag6 23. Nh2 Bd8 24. Bf3 Nef6 25. Ng4 Ne8 26. Kg2 Qe7 27. Rh1 Qe6 28. Bd2 h5
29. Nh2 g4 30. hxg4 hxg4 31. Nxg4 Rxg4 32. Bxg4 Rxg4 33. Rh6 Rg6 34. Reh1 Nf8
35. R6h3 f5 36. Bh6 Nd7 37. Bg5 Bxg5 38. Rxh7+ Kg8 39. Rh8+ Kf7 40. Rxe8 Qxe8
41. exf5 Rf6 42. Qh5+ Ke7 43. Qxg5 Kd8 44. Nd6 Qe7 45. Rh8+ Nf8 46. Ne4 Rf7 47.
Nd6 Rf6 48. Ne4 Rf7 49. f6 Qe8 50. Nxc5 1-0

[Event "GBR-ch 108th"]
[Site "Torquay"]
[Date "2022.08.13"]
[Round "1.18"]
[White "Jackson, Sheila"]
[Black "Claridge-Hansen, William"]
[Result "1/2-1/2"]
[WhiteElo "2070"]
[BlackElo "2345"]
[PlyCount "61"]
[EventDate "2022.08.13"]
[EventType "swiss"]
[EventRounds "9"]
[EventCountry "GBR"]
[SourceTitle "BritBase"]
[Source "John Saunders"]
[SourceDate "2022.08.22"]
[SourceVersion "1"]
[SourceVersionDate "2022.08.22"]
[SourceQuality "2"]

1. e4 c5 2. Nf3 g6 3. d4 cxd4 4. Nxd4 Bg7 5. c4 Nc6 6. Be3 Nf6 7. Nc3 O-O 8.
Be2 d6 9. h3 Bd7 10. O-O Nxd4 11. Bxd4 Bc6 12. Bf3 a5 13. Qd2 Nd7 14. Bxg7 Kxg7
15. Qd4+ Kg8 16. b3 Nc5 17. Nd5 e5 18. Qd2 Ne6 19. g3 Nd4 20. Bg2 Bxd5 21. cxd5
Qb6 22. Rac1 a4 23. b4 a3 24. Kh1 Rfc8 25. h4 Qb5 26. Bh3 Rxc1 27. Rxc1 Qe2 28.
Qxe2 Nxe2 29. Rc7 b5 30. Bg4 Nd4 31. Bd1 1/2-1/2

[Event "GBR-ch 108th"]
[Site "Torquay"]
[Date "2022.08.13"]
[Round "1.19"]
[White "Eggleston, David J"]
[Black "Waddington, Michael P"]
[Result "1-0"]
[WhiteElo "2331"]
[BlackElo "2066"]
[PlyCount "111"]
[EventDate "2022.08.13"]
[EventType "swiss"]
[EventRounds "9"]
[EventCountry "GBR"]
[SourceTitle "BritBase"]
[Source "John Saunders"]
[SourceDate "2022.08.22"]
[SourceVersion "1"]
[SourceVersionDate "2022.08.22"]
[SourceQuality "2"]

1. e4 c5 2. Nf3 Nc6 3. Bb5 g6 4. O-O Bg7 5. Re1 Nf6 6. c3 O-O 7. h3 a6 8. Bf1
d5 9. e5 Ne8 10. d4 c4 11. b4 Nc7 12. a4 f6 13. Nbd2 b5 14. exf6 exf6 15. a5
Be6 16. Nh2 Qd6 17. Ndf3 Rae8 18. h4 Bf5 19. Rxe8 Rxe8 20. g3 Ne6 21. Bg2 Be4
22. Ne1 Bxg2 23. Nxg2 Ncd8 24. Qf3 Nf7 25. Bd2 f5 26. Re1 Re7 27. Nf1 Bf8 28.
Nf4 Nc7 29. Rxe7 Qxe7 30. Nxd5 Nxd5 31. Qxd5 Kg7 32. Bf4 Qe1 33. Qf3 Bd6 34.
Bd2 Qb1 35. Kg2 Qc2 36. Be1 Qb1 37. Qe2 Nh6 38. Qe6 Nf7 39. Ne3 f4 40. gxf4
Bxf4 41. Nd5 Bh6 42. f3 Qc2+ 43. Bf2 Bd2 44. Qe2 Qc1 45. Be3 Bxe3 46. Qxe3 Qc2+
47. Kg3 Qb1 48. Nf4 Nh6 49. Qe5+ Kg8 50. Qe8+ Kg7 51. Qd7+ Kg8 52. Ne6 Nf5+ 53.
Kf4 Qc1+ 54. Ke5 Qe1+ 55. Kf6 Qxh4+ 56. Ng5 1-0

[Event "GBR-ch 108th"]
[Site "Torquay"]
[Date "2022.08.13"]
[Round "1.20"]
[White "Burrows, Martin P"]
[Black "Lane, Gary W"]
[Result "1/2-1/2"]
[WhiteElo "2064"]
[BlackElo "2328"]
[PlyCount "151"]
[EventDate "2022.08.13"]
[EventType "swiss"]
[EventRounds "9"]
[EventCountry "GBR"]
[SourceTitle "BritBase"]
[Source "John Saunders"]
[SourceDate "2022.08.22"]
[SourceVersion "1"]
[SourceVersionDate "2022.08.22"]
[SourceQuality "2"]

1. e4 e5 2. Nf3 Nc6 3. Bb5 a6 4. Ba4 Nge7 5. c3 Ng6 6. d4 exd4 7. cxd4 Bb4+ 8.
Bd2 Bxd2+ 9. Qxd2 O-O 10. Nc3 d6 11. O-O Kh8 12. Rfe1 Bg4 13. Bd1 f5 14. d5
Bxf3 15. dxc6 Bxd1 16. cxb7 Rb8 17. Raxd1 f4 18. f3 Ne5 19. b3 Rxb7 20. Qe2 Ra7
21. Kh1 g5 22. Nd5 a5 23. Qf2 Rb7 24. Qd4 h5 25. Rf1 Kh7 26. Qd2 Ra7 27. Rc1 c6
28. Nc3 Raf7 29. Ne2 c5 30. Rcd1 Rf6 31. Nc1 c4 32. Qc2 Qc8 33. Rd4 g4 34. bxc4
gxf3 35. gxf3 Rg8 36. Qe2 Rfg6 37. Nd3 Rg2 38. Qxg2 Rxg2 39. Kxg2 Nxc4 40. Kh1
Ne3 41. Rg1 Qh3 42. Ne1 Nf1 43. Rg2 Nxh2 44. Kg1 Nxf3+ 45. Nxf3 Qxf3 46. Rxd6
Qh3 47. Rf6 Qh4 48. Rc6 Qd8 49. Rgc2 Qd4+ 50. Kh2 Qxe4 51. R2c5 Qe2+ 52. Kg1
Qe1+ 53. Kg2 Qg3+ 54. Kf1 f3 55. Rc7+ Kg8 56. Rc8+ Kf7 57. R8c7+ Ke8 58. Rc2 f2
59. Ke2 Qf4 60. Kf1 h4 61. R7c4 Qg3 62. Rxf2 h3 63. Rcc2 Qd3+ 64. Rce2+ Kd7 65.
Kg1 Qg3+ 66. Kh1 Kc6 67. Rb2 a4 68. Rbc2+ Kb5 69. Rb2+ Kc4 70. Rbc2+ Kb4 71.
Rb2+ Ka3 72. Rbe2 Kb4 73. Rb2+ Kc3 74. Rbc2+ Kb4 75. Rb2+ Ka3 76. Rbe2 1/2-1/2